| Tag |
First Indicator |
Second Indicator |
Subfields |
| LEADER |
00000cas a2200000 a 4500 |
| 001 |
in00001291021 |
| 005 |
20151004094006.0 |
| 008 |
951024d19952000paumr1p 0 a0eng d |
| 010 |
|
|
|a 96641277
|z sn 95047052
|
| 022 |
0 |
|
|a 1087-1055
|9 0888-4501
|
| 035 |
|
|
|a (OCoLC)33353019
|
| 035 |
|
|
|9 AGZ8874AM
|
| 037 |
|
|
|b Dealerscope merchandising, 401 N. Broad St., Philadelphia, PA 19108
|
| 040 |
|
|
|a EKL
|c EKL
|d TJC
|d FUG
|d DLC
|d NSD
|d TXA
|d UtOrBLW
|
| 042 |
|
|
|a lc
|a nsdp
|
| 043 |
|
|
|a n-us---
|
| 049 |
|
|
|a TXAE
|
| 050 |
0 |
0 |
|a HD9971.U6
|b D4
|
| 090 |
|
|
|a HD9697.U4
|b D3
|
| 210 |
0 |
|
|a Deal.scope consum. electron. marketpl.
|
| 222 |
|
0 |
|a Dealerscope consumer electronics marketplace
|
| 245 |
0 |
0 |
|a Dealerscope consumer electronics marketplace.
|
| 246 |
3 |
0 |
|a Consumer electronics marketplace
|
| 264 |
|
1 |
|a Philadelphia, PA :
|b North American Publshing Co.,
|c ©1995-©2000.
|
| 300 |
|
|
|a 6 volumes :
|b illustrations ;
|c 37 cm.
|
| 310 |
|
|
|a Monthly
|
| 336 |
|
|
|a text
|b txt
|2 rdacontent
|
| 337 |
|
|
|a unmediated
|b n
|2 rdamedia
|
| 338 |
|
|
|a volume
|b nc
|2 rdacarrier
|
| 362 |
0 |
|
|a Vol. 37, no. 10 (Oct. 1995)-v. 42, no.2 (Feb. 2000).
|
| 500 |
|
|
|a Title from cover.
|
| 650 |
|
0 |
|a Electric household appliances industry
|z United States
|v Periodicals.
|
| 650 |
|
0 |
|a Household electronics industry
|z United States
|v Periodicals.
|
| 650 |
|
0 |
|a Retail trade
|z United States
|v Periodicals.
|
| 780 |
0 |
0 |
|t Dealerscope merchandising
|x 0888-4501
|w (DLC) 86657511
|w (OCoLC)13585752
|
| 785 |
0 |
0 |
|t Dealerscope (Philadelphia, Pa. : 2000)
|w (DLC) 00251155
|w (OCoLC)43666716
|
| 949 |
|
|
|a updated
|b h
|c 2001/1/9
|e coplinger
|f 1:15:02 pm
|
| 999 |
|
|
|a MARS
|
| 999 |
f |
f |
|s d94132b2-d7d5-3b40-8333-2ad12ea25ab6
|i c8c58791-fa56-321a-a893-721a7b3b2be8
|t 0
|
| 952 |
f |
f |
|p serial
|a Texas A&M University
|b Rellis Campus
|c Joint Library Facility
|d Remote Storage
|t 0
|e HD9697.U4 D3
|h Library of Congress classification
|i unmediated -- volume
|k v.42:no.1-2
|l 2000: Jan-Feb
|m A14826806722
|
| 952 |
f |
f |
|p ric
|a Texas A&M University
|b Rellis Campus
|c Joint Library Facility
|d Remote Storage
|t 0
|e HD9697.U4 D3
|h Library of Congress classification
|i unmediated -- volume
|k v.41:no.1 -v.41:no.6
|l 1999-1999
|m A14825297001
|
| 952 |
f |
f |
|p serial
|a Texas A&M University
|b Rellis Campus
|c Joint Library Facility
|d Remote Storage
|t 0
|e HD9697.U4 D3
|h Library of Congress classification
|i unmediated -- volume
|k v.38:no.7-12
|l 1996:July-Dec.
|m A14820945170
|
| 952 |
f |
f |
|p serial
|a Texas A&M University
|b Rellis Campus
|c Joint Library Facility
|d Remote Storage
|t 0
|e HD9697.U4 D3
|h Library of Congress classification
|i unmediated -- volume
|k v.39:no.7-12
|l 1997:July-Dec.
|m A14821445521
|
| 952 |
f |
f |
|p serial
|a Texas A&M University
|b Rellis Campus
|c Joint Library Facility
|d Remote Storage
|t 0
|e HD9697.U4 D3
|h Library of Congress classification
|i unmediated -- volume
|k v.41:no.7-12
|l 1999:July-Dec.
|m A14826011199
|
| 952 |
f |
f |
|p serial
|a Texas A&M University
|b Rellis Campus
|c Joint Library Facility
|d Remote Storage
|t 0
|e HD9697.U4 D3
|h Library of Congress classification
|i unmediated -- volume
|k v.40:no.7-12
|l 1998:July-Dec.
|m A14824887227
|
| 952 |
f |
f |
|p ric
|a Texas A&M University
|b Rellis Campus
|c Joint Library Facility
|d Remote Storage
|t 0
|e HD9697.U4 D3
|h Library of Congress classification
|i unmediated -- volume
|k v.37:no.10 -v.37:no.12
|l 1995-1995
|m A14820459284
|
| 952 |
f |
f |
|p serial
|a Texas A&M University
|b Rellis Campus
|c Joint Library Facility
|d Remote Storage
|t 0
|e HD9697.U4 D3
|h Library of Congress classification
|i unmediated -- volume
|k v.38:no.1-6
|l 1996:Jan.-July
|m A14820945120
|
| 952 |
f |
f |
|p ric
|a Texas A&M University
|b Rellis Campus
|c Joint Library Facility
|d Remote Storage
|t 0
|e HD9697.U4 D3
|h Library of Congress classification
|i unmediated -- volume
|k v.40:no.1-6
|l 1998:Jan.-Feb,April-June
|m A14824887382
|
| 952 |
f |
f |
|p serial
|a Texas A&M University
|b Rellis Campus
|c Joint Library Facility
|d Remote Storage
|t 0
|e HD9697.U4 D3
|h Library of Congress classification
|i unmediated -- volume
|k v.39:no.1-6
|l 1997:Jan.-June
|m A14821445571
|
| 998 |
f |
f |
|a HD9697.U4 D3
|s v.42:no.1-2 (2000:Jan.-Feb)
|t 0
|l Remote Storage
|